Communications, media, geographies (Record no. 23829)

MARC details
000 -LEADER
fixed length control field 00408nam a2200157Ia 4500
008 - FIXED-LENGTH DATA ELEMENTS--GENERAL INFORMATION
fixed length control field 230917s9999||||xx |||||||||||||| ||und||
040 ## - CATALOGING SOURCE
-- 242035
Original cataloging agency VIVEKANANDA LIBRARY
041 ## - Language
-- English
082 ## - DDC NUMBER
Classification number 070.102491 A19C
100 ## - MAIN ENTRY--PERSONAL NAME
Personal name Adams, Paul C
245 #0 - TITLE STATEMENT
Title Communications, media, geographies
260 ## - PUBLICATION, DISTRIBUTION, ETC. (IMPRINT)
Place of publication, distribution, etc New York
Name of publisher, distributor, etc Routledge
Date of publication, distribution, etc 2017
300 ## - PHYSICAL DESCRIPTION
Pages xi, 201 p.
500 ## - GENERAL NOTE
General note 2847 31/08/2017 Main Budget
942 ## - ADDED ENTRY ELEMENTS (KOHA)
Koha item type Books
Holdings
Withdrawn status Lost status Damaged status Not for loan Location (home branch) Sublocation or collection (holding branch) Date acquired Koha issues (times borrowed) Koha full call number Accession No. Koha date last seen Koha item type Shelving location
        VIVEKANANDA LIBRARY VIVEKANANDA LIBRARY 10/04/2018   070.102491 A19C 363722 17/09/2023 Books  
        VIVEKANANDA LIBRARY VIVEKANANDA LIBRARY 10/04/2018   070.102491 A19C 367034 17/09/2023 Books Geography Department
© Designed and Maintained by Vivekananda Library, MDU Rohtak